<?xml version="1.0" encoding="UTF-8"?>
<record
    xmlns:xsi="http://www.w3.org/2001/XMLSchema-instance"
    xsi:schemaLocation="http://www.loc.gov/MARC21/slim http://www.loc.gov/standards/marcxml/schema/MARC21slim.xsd"
    xmlns="http://www.loc.gov/MARC21/slim">

  <leader>00551nam a2200205Ia 4500</leader>
  <controlfield tag="008">230125s9999    xx            000 0 und d</controlfield>
  <datafield tag="020" ind1=" " ind2=" ">
    <subfield code="a">978-81-317-0996-5</subfield>
  </datafield>
  <datafield tag="041" ind1=" " ind2=" ">
    <subfield code="a">eng</subfield>
  </datafield>
  <datafield tag="082" ind1=" " ind2=" ">
    <subfield code="a">659.1</subfield>
    <subfield code="b">CLO</subfield>
  </datafield>
  <datafield tag="100" ind1=" " ind2=" ">
    <subfield code="a">Clow K E</subfield>
    <subfield code="9">110423</subfield>
  </datafield>
  <datafield tag="245" ind1=" " ind2=" ">
    <subfield code="a">Integrated Advertising, Promotion, and Marketing Communications</subfield>
  </datafield>
  <datafield tag="250" ind1=" " ind2=" ">
    <subfield code="a">3rd ed</subfield>
  </datafield>
  <datafield tag="260" ind1=" " ind2=" ">
    <subfield code="c">2009</subfield>
    <subfield code="b">Pearson Education</subfield>
    <subfield code="a">New Delhi</subfield>
  </datafield>
  <datafield tag="300" ind1=" " ind2=" ">
    <subfield code="a">537p</subfield>
  </datafield>
  <datafield tag="500" ind1=" " ind2=" ">
    <subfield code="a">advertising</subfield>
  </datafield>
  <datafield tag="650" ind1=" " ind2=" ">
    <subfield code="a">Advertising</subfield>
  </datafield>
  <datafield tag="700" ind1=" " ind2=" ">
    <subfield code="a">Clow K E &amp; Baack D E</subfield>
    <subfield code="9">110424</subfield>
  </datafield>
  <datafield tag="906" ind1=" " ind2=" ">
    <subfield code="b">124</subfield>
  </datafield>
  <datafield tag="999" ind1=" " ind2=" ">
    <subfield code="c">87226</subfield>
    <subfield code="d">87226</subfield>
  </datafield>
  <datafield tag="952" ind1=" " ind2=" ">
    <subfield code="0">0</subfield>
    <subfield code="1">0</subfield>
    <subfield code="4">0</subfield>
    <subfield code="7">0</subfield>
    <subfield code="a">HIMR</subfield>
    <subfield code="b">HIMR</subfield>
    <subfield code="d">2011-02-10</subfield>
    <subfield code="e">Pritam Book Centre</subfield>
    <subfield code="g">495.00</subfield>
    <subfield code="i">7340</subfield>
    <subfield code="l">0</subfield>
    <subfield code="o">659.1 CLO B09798</subfield>
    <subfield code="p">HIMR-BK-9798</subfield>
    <subfield code="r">2023-01-25 00:00:00</subfield>
    <subfield code="v">371.00</subfield>
    <subfield code="w">2011-02-12</subfield>
    <subfield code="y">BK</subfield>
    <subfield code="z">B09798</subfield>
  </datafield>
  <datafield tag="952" ind1=" " ind2=" ">
    <subfield code="0">0</subfield>
    <subfield code="1">0</subfield>
    <subfield code="4">0</subfield>
    <subfield code="7">0</subfield>
    <subfield code="a">HIMR</subfield>
    <subfield code="b">HIMR</subfield>
    <subfield code="d">2011-02-10</subfield>
    <subfield code="e">Pritam Book Centre</subfield>
    <subfield code="g">495.00</subfield>
    <subfield code="i">7340</subfield>
    <subfield code="l">0</subfield>
    <subfield code="o">659.1 CLO B09797</subfield>
    <subfield code="p">HIMR-BK-9797</subfield>
    <subfield code="r">2023-01-25 00:00:00</subfield>
    <subfield code="v">371.00</subfield>
    <subfield code="w">2011-02-12</subfield>
    <subfield code="y">BK</subfield>
    <subfield code="z">B09797</subfield>
  </datafield>
  <datafield tag="952" ind1=" " ind2=" ">
    <subfield code="0">0</subfield>
    <subfield code="1">0</subfield>
    <subfield code="4">0</subfield>
    <subfield code="7">0</subfield>
    <subfield code="a">HIMR</subfield>
    <subfield code="b">HIMR</subfield>
    <subfield code="d">2011-02-10</subfield>
    <subfield code="e">Pritam Book Centre</subfield>
    <subfield code="g">495.00</subfield>
    <subfield code="i">7340</subfield>
    <subfield code="l">0</subfield>
    <subfield code="o">659.1 CLO B09799</subfield>
    <subfield code="p">HIMR-BK-9799</subfield>
    <subfield code="r">2023-01-25 00:00:00</subfield>
    <subfield code="v">371.00</subfield>
    <subfield code="w">2011-02-12</subfield>
    <subfield code="y">BK</subfield>
    <subfield code="z">B09799</subfield>
  </datafield>
  <datafield tag="952" ind1=" " ind2=" ">
    <subfield code="0">0</subfield>
    <subfield code="1">0</subfield>
    <subfield code="4">0</subfield>
    <subfield code="7">0</subfield>
    <subfield code="a">HIMR</subfield>
    <subfield code="b">HIMR</subfield>
    <subfield code="d">2010-09-16</subfield>
    <subfield code="e">Forward Books</subfield>
    <subfield code="g">495.00</subfield>
    <subfield code="i">4073</subfield>
    <subfield code="l">0</subfield>
    <subfield code="o">659.1 CLO B08753</subfield>
    <subfield code="p">HIMR-BK-8753</subfield>
    <subfield code="r">2023-01-25 00:00:00</subfield>
    <subfield code="v">386.00</subfield>
    <subfield code="w">2010-08-30</subfield>
    <subfield code="y">BK</subfield>
    <subfield code="z">B08753</subfield>
  </datafield>
  <datafield tag="952" ind1=" " ind2=" ">
    <subfield code="0">0</subfield>
    <subfield code="1">0</subfield>
    <subfield code="4">0</subfield>
    <subfield code="7">0</subfield>
    <subfield code="a">HIMR</subfield>
    <subfield code="b">HIMR</subfield>
    <subfield code="d">2010-09-16</subfield>
    <subfield code="e">Forward Books</subfield>
    <subfield code="g">495.00</subfield>
    <subfield code="i">4073</subfield>
    <subfield code="l">0</subfield>
    <subfield code="o">659.1 CLO B08751</subfield>
    <subfield code="p">HIMR-BK-8751</subfield>
    <subfield code="r">2023-01-25 00:00:00</subfield>
    <subfield code="v">386.00</subfield>
    <subfield code="w">2010-08-30</subfield>
    <subfield code="y">BK</subfield>
    <subfield code="z">B08751</subfield>
  </datafield>
  <datafield tag="952" ind1=" " ind2=" ">
    <subfield code="0">0</subfield>
    <subfield code="1">0</subfield>
    <subfield code="4">0</subfield>
    <subfield code="7">0</subfield>
    <subfield code="a">HIMR</subfield>
    <subfield code="b">HIMR</subfield>
    <subfield code="d">2010-09-16</subfield>
    <subfield code="e">Forward Books</subfield>
    <subfield code="g">495.00</subfield>
    <subfield code="i">4073</subfield>
    <subfield code="l">0</subfield>
    <subfield code="o">659.1 CLO B08752</subfield>
    <subfield code="p">HIMR-BK-8752</subfield>
    <subfield code="r">2023-01-25 00:00:00</subfield>
    <subfield code="v">386.00</subfield>
    <subfield code="w">2010-08-30</subfield>
    <subfield code="y">BK</subfield>
    <subfield code="z">B08752</subfield>
  </datafield>
  <datafield tag="952" ind1=" " ind2=" ">
    <subfield code="0">0</subfield>
    <subfield code="1">0</subfield>
    <subfield code="4">0</subfield>
    <subfield code="7">0</subfield>
    <subfield code="a">HIMR</subfield>
    <subfield code="b">HIMR</subfield>
    <subfield code="d">2008-10-15</subfield>
    <subfield code="e">Pritam Book Centre</subfield>
    <subfield code="g">380.00</subfield>
    <subfield code="i">5660</subfield>
    <subfield code="l">0</subfield>
    <subfield code="o">659.1 CLO B06830</subfield>
    <subfield code="p">HIMR-BK-6830</subfield>
    <subfield code="r">2023-01-25 00:00:00</subfield>
    <subfield code="v">304.00</subfield>
    <subfield code="w">2008-10-01</subfield>
    <subfield code="y">BK</subfield>
    <subfield code="z">B06830</subfield>
  </datafield>
</record>
